| 000 | 00429 a2200145 4500 | ||
|---|---|---|---|
| 020 | _a0131014153 | ||
| 040 |
_aDLC _bDLC |
||
| 082 | 0 | 0 | _a005.4469 |
| 245 | 0 | 0 |
_aLinux on the mainframe _cJohn Eilert ... [et al.]. |
| 260 |
_aUpper Saddle River, NJ : _bPrentice Hall/PTR, _cc2003. |
||
| 300 |
_axxviii, 430 p. : _bill. ; _c24 cm. |
||
| 650 | 0 | _aOperating systems (Computers) | |
| 700 | 1 | _aEilert, John. | |
| 942 |
_cBK _k005.4469 EIL _2ddc |
||
| 999 |
_c6265 _d6265 |
||